000 00950nmm a2200265 a 4500
001 ocm000651503
003 TR-IsHL
005 20201028142101.0
008 140104s1999 tu tur
007 cr cn
020 _a9789753740166
035 _a651503
_b(N$T)
050 0 4 _aDR741.E4
_bC86 1999
090 0 4 _aDR741.E4
_bC86 1999
245 1 0 _aCumhurbaşkanımız Sayın Süleyman Demirel'in himayelerinde I.Edirne sarayı sempozyumu
_h[electronic resource] /
_chaz. Ender Bilar
260 _aEdirne :
_bTrakya Üniversitesi,
_c1999
300 _a378 p.
650 4 _aMimarlık ve Tasarım
650 4 _aArchitecture and Design
650 0 _aSaraylar
_x Türkiye
_x Edirne
_x Kongreler
650 0 _aPalaces
_x Turkey
_x Edirne
_x Congresses
650 7 _aARCHITECTURE / Buildings / General
_2bisacsh
700 1 _aBilar, Ender
856 4 0 _uhttp://search.ebscohost.com/login.aspx?direct=true&scope=site&db=e011xww&AN=651503
999 _c8159
_d8159